[Event "FIDE GP"]
[Site "Dubai"]
[Date "2002.04.03"]
[Round "1.1"]
[White "Grischuk, Alexander"]
[Black "Morozevich, Alexander"]
[Result "1-0"]
[WhiteElo "2671"]
[BlackElo "2742"]
[Annotator "Tsesarsky,I"]
[PlyCount "132"]
[EventDate "2002.04.03"]
[EventType "k.o. (rapid)"]
[EventRounds "5"]
[EventCountry "UAE"]
[SourceTitle "CBM 089"]
[Source "ChessBase"]
[SourceDate "2002.08.12"]
[SourceVersion "1"]
[SourceVersionDate "2002.08.12"]
[SourceQuality "1"]

1. e4 e5 2. Nf3 Nc6 3. Nc3 Nf6 4. Bb5 Bb4 5. O-O O-O 6. d3 d6 7. Bg5 Bxc3 8.
bxc3 Qe7 9. Re1 Nd8 10. d4 Ne6 11. Bc1 Rd8 12. Bf1 {This position is typical
for this variation. White has a pair of BB and eventually will recieve also
space advantage. Doubled PP c in the White's camp is certain, but not
sufficient compensation.} b6 (12... Nd7 13. g3 Ndf8 (13... Nb6 14. Be3 $5 $14 (
14. Ba3 Qf6 15. Qd3 Bd7 16. Qe3 Ba4 17. Rac1 a6 18. Bd3 Bb5 $11 {[%csl Rc4]
1-0 Istratescu,A-Nikolov,S/Pardubice 1997/CBM 59 ext (36)})) 14. Nh4 (14. Bg2
c5 15. d5 Nc7 16. h4 Bg4 17. Qd3 Qd7 18. Qf1 Qe8 19. Nh2 Bd7 20. Qe2 $14 {
1-0 Istratescu,A-Schwartzman,G/Odorheiu Secuiesc 1993/CBM 36 (61)}) 14... Qf6
15. Be3 Ng6 16. Nxg6 Qxg6 17. Bg2 c5 18. d5 Nf8 19. Qd3 $14 {0-1 Alexander,
C-Barcza,G/Munich 1958/MCD (62)}) (12... h6 13. g3 Nh7 14. h4 g5 15. Bg2 Qf6
16. Be3 Qg7 17. hxg5 hxg5 18. Qd2 $14 {1-0 Istratescu,A-Nestorovic,D/Belgrade
1994/EXT 97 (42)}) (12... Nf8 13. Nh4 {-see comments to the game 1-0 Gallagher,
J-Sorokin,M/Calcutta 2001/CBM 82_01 [Tsesarsky,I](43)}) 13. Nh4 (13. Ba3 $5 {
Provoking the next move:} c5 14. g3 Bb7 15. d5 Nf8 16. Nh4 Bc8 17. c4 Ng6 18.
Nf5 Bxf5 19. exf5 Nf8 20. f4 N8d7 21. g4 Ne8 22. g5 Qf8 23. Qg4 $14 {1/2-1/2
Friedman,A-Van Beek,L/Wijk aan Zee 1998/EXT 2000 (43)}) 13... g6 (13... Bb7 14.
Nf5 Qf8 15. Bd3 c6 (15... exd4 $2 16. cxd4 c5 17. d5 $16 {1-0 Spraggett,K-Di
Fonzo,V/Geneve 1995/CBM 46 ext (38)}) (15... d5 $6 16. exd5 Nxd5 17. Rxe5 Nxc3
18. Qg4 Kh8 19. Bd2 Nd5 20. Qh4 $16 {[%csl Rh7]}) 16. Qf3 $14) (13... Re8 14.
Nf5 $14 (14. Bb5 {Not in spirit of this variation} Bd7 15. Nf5 Qd8 16. Bd3 (16.
Bxd7 $6 Qxd7 17. Qf3 Kh8 18. d5 Nc5 19. Qg3 (19. Bg5 Ng8 $11) 19... Rg8 (19...
g6 20. Qh4 Nfxe4 21. Nh6 f5 22. f3 Nxc3 23. Qf6+ Qg7 24. Nf7+ Kg8 25. Nh6+ Kh8
$11) 20. Qf3 $11 (20. Qh4 Nfxe4 $17 {0-1 Kummerow,H-Aleksandrov,A/Bad Wiessee
1999/EXT 2001 (27)})) 16... Nf4 17. Bxf4 exf4 18. Qf3 $14)) (13... c5 14. Nf5
Qc7 15. Qf3 Ne8 16. d5 Nf8 17. h4 f6 18. h5 $14 {0-1 Khamatgaleev,A-Datu,I/
Calcutta IND 2001 (54)}) 14. g3 Bb7 (14... Ne8 15. Bg2 Rb8 16. h3 N8g7 17. Nf3
f6 18. Nh2 h5 19. h4 $14 {1-0 Kuzmin,A-Andrianov,N/Moscow 1982/MCD (73)}) 15.
Bg2 Nd7 16. h3 $14 Re8 17. Nf3 Qf6 18. a4 a5 19. Nh2 Qg7 20. Be3 {[%cal Gh2g4]}
Nf6 21. Ng4 Nxg4 22. hxg4 g5 {Now the game enters to manoeuvre phase. White
can increase his pressure by f3-f4 promotion...Black hasn't any useful plan,
only to wait for White's activity and to try to prevent it...} 23. Qd2 h6 24.
f3 Rad8 25. Qf2 Bc8 26. Bf1 Bd7 27. Bd3 Qg6 28. Kg2 Nf8 29. Rh1 Kg7 30. c4 c5
31. c3 Ne6 32. d5 Nc7 33. Qd2 Rh8 34. Rab1 Rb8 35. Bc2 f6 36. Rh5 Kf8 37. Qd1
Ke7 38. Rb2 Kd8 (38... Rb7 39. Qb1 Rhb8 40. Rh2 Kf8 {[%cal Gc7e8,Ge8g7]}) 39.
Qb1 Na8 40. Kf2 Kc7 41. Bd1 Kb7 42. Ke1 Ka7 43. Rg2 {[%csl Rg4][%cal Gf3f4]
Preparing f2-f4} Rbe8 44. Kf1 ({On} 44. Kd2 {[%cal Gd2c1,Gc1b2,Gb2a3] With a K
trip to a3} {goes} Rb8 (44... f5 $2 45. exf5 Qf6 46. Qe4 $18 {[%cal Gg2h2]})
45. Kc1 {and} Nc7 $1 {[%cal Gc7e8,Ge8g7]} 46. f4 $1 (46. Kb2 Ne8 47. Ka3 Ng7
48. Rh3 h5 49. Rgh2 Rbf8 50. Bc2 Qe8 51. Qh1 Rhg8 {[%cal Gd7h3]} 52. gxh5 Bxh3
53. Rxh3 Qd7 54. h6 Ne8 55. Bd3 Rg6 56. f4 $132) 46... Qe8 47. Qc2 Qe7 48. Rgh2
Qg7 49. Qe2 (49. Kb2 Bxg4 50. Bxg4 gxf4 51. gxf4 Qxg4 52. fxe5 fxe5 53. Rxh6
Rxh6 54. Rxh6 Qd7 $11) 49... Be8 50. R5h3 Bd7 {and White can't break Black's
defence...}) 44... Nc7 45. Rb2 Rb8 46. Rg2 Ne8 47. f4 exf4 (47... Ng7 48. f5
Qf7 49. Rh3 Rh7 50. Rgh2 Rbh8) 48. gxf4 Ng7 49. Rh1 $2 $17 {Mistake!} ({
Right was} 49. Rhh2 h5 50. gxh5 Nxh5 51. Kg1 Ng7 52. f5 $11) 49... h5 50. gxh5
Nxh5 51. Kg1 Ng7 52. fxg5 ({Doesn't help} 52. f5 Rxh1+ 53. Kxh1 Rh8+ 54. Rh2
Rxh2+ 55. Kxh2 Qh6+ 56. Kg2 Nh5 57. Bf3 Nf4+ 58. Bxf4 gxf4 59. Qd1 Qh4 60. Kf1
Qh2 $17 {[%csl Ra4,Rf1]}) 52... Rxh1+ 53. Kxh1 f5 $2 {Dropping an advantage...}
({Clear advantage Black could recieve after} 53... Rh8+ 54. Kg1 fxg5 55. Bxg5
Qh7 56. Kf2 (56. Bf4 Qh1+ 57. Kf2 Qh4+ 58. Bg3 Qf6+ 59. Kg1 Qxc3 60. Qb2 Qe3+
61. Qf2 Qxe4 62. Bxd6 Nf5 63. Bc2 Qxc4 64. Be5 Rh5 65. Qe2 $17) 56... Qh1 57.
Be7 (57. Bf4) 57... Rh2 58. Rxh2 Qxh2+ 59. Ke1 Qg3+ 60. Kd2 Qf4+ 61. Ke1 Qe3+
62. Be2 Qxc3+ 63. Kf2 Bxa4 $17) 54. Rh2 fxe4 55. Rh6 $4 $19 {Terrible mistake.
White pieces became in total disharmony...} ({Right was} 55. Kg1 Qf5 (55... Nf5
56. Bf4 Qf7 57. Qxe4 Re8 58. Qd3 $14) 56. Qc1 Rg8 57. Qd2 (57. Be2 Bxa4 $17)
57... Ne8 58. Rh6 Qf8 59. Rh4 $132) 55... Qf7 56. Rf6 (56. Kg1 Nf5 57. Rf6 Qe7
$19) 56... Qe7 57. Bf4 {[%csl Rd6]} Rh8+ $4 ({Immediately wins} 57... Nf5 $1
58. Bg4 ({Or} 58. Kg1 Rg8 {[%csl Rf6]} 59. Bg4 Qxf6 60. gxf6 Rxg4+ $19) 58...
Qh7+ 59. Kg1 Qh4 60. Qd1 Rh8 $19) 58. Kg1 Ne8 59. Rh6 Rxh6 60. gxh6 Qh4 $4 $18
{Another terrible mistake - and Black's position became helpless.} (60... Qh7
61. Bf3 Qg6+ 62. Bg2 Nf6 63. Qe1 $132) 61. Qxe4 Nf6 62. Qe3 Ng4 63. Bxg4 Qxg4+
64. Kf2 Qf5 65. Qf3 Qc2+ 66. Qe2 Qf5 (66... Qf5 67. Ke3 Be8 68. Qd3 $18) 1-0

[Event "FIDE GP"]
[Site "Dubai"]
[Date "2002.04.03"]
[Round "1.3"]
[White "Grischuk, Alexander"]
[Black "Morozevich, Alexander"]
[Result "1-0"]
[WhiteElo "2671"]
[BlackElo "2742"]
[Annotator "Wedberg,T"]
[PlyCount "73"]
[EventDate "2002.04.03"]
[EventType "k.o. (rapid)"]
[EventRounds "5"]
[EventCountry "UAE"]
[SourceTitle "CBM 089"]
[Source "ChessBase"]
[SourceDate "2002.08.12"]
[SourceVersion "1"]
[SourceVersionDate "2002.08.12"]
[SourceQuality "1"]

1. e4 e5 2. Nf3 Nc6 3. Bb5 a6 4. Ba4 Nf6 5. O-O b5 6. Bb3 Bc5 7. a4 Rb8 8. c3
d6 9. d4 Bb6 10. h3 {Unusual since White can win a P with Na3. But it has the
positive effect of avoiding preparations in this highly fashionable line.} (10.
Na3 O-O 11. axb5 axb5 12. Nxb5 {is topical.}) 10... O-O (10... h6 11. Na3 exd4
12. cxd4 b4 13. Nc4 O-O 14. Nxb6 Rxb6 15. Be3 $14 {1-0 Korneev,O-San Claudio
Gonzalez,F/La Coruna 1999/EXT 2001 (37)}) (10... Bb7 11. Re1 O-O 12. axb5 axb5
13. Na3 exd4 14. cxd4 Na5 15. Bc2 b4 16. Nb1 c5 17. Bg5 h6 18. Bh4 cxd4 $132 {
1/2-1/2 Anand,V-Shirov,A/Wijk aan Zee 1998/CBM 63/[Anand] (30)}) 11. Be3 Ne7 (
11... h6 12. Nbd2 exd4 13. cxd4 Nb4 14. axb5 axb5 15. Qc1 c5 $132 {1/2-1/2
Svidler,P-Piket,J/Internet 1999/CBM 70 ext (39)}) 12. Nbd2 Ng6 13. a5 $1 exd4 (
13... Ba7 $2 14. dxe5 Bxe3 15. exf6 Bh6 16. fxg7 Bxg7 $16) 14. Nxd4 Bxd4 15.
cxd4 Bb7 16. Bc2 $14 {White has a perfect centre and the pair of B:s.} Qe7 17.
f3 c5 18. Re1 cxd4 19. Bxd4 Nd7 20. Nf1 Nde5 21. Qd2 Rbc8 22. Bb3 Kh8 23. Ng3
Nh4 24. Rf1 Qf6 25. f4 Qg6 26. Kh2 (26. Qe3 $1 Nhf3+ 27. Rxf3 Nxf3+ 28. Qxf3
$18) 26... Qh6 27. Qe2 Nc4 28. Rf2 f5 $132 29. exf5 Nxf5 30. Nxf5 Rxf5 31. Qe7
Bd5 32. Re1 Rcf8 33. Bxc4 Bxc4 34. g4 R5f7 35. Qe3 Rxf4 $4 (35... Qh4 $142) 36.
Kg3 $1 Qg5 37. Rxf4 1-0

[Event "FIDE GP"]
[Site "Dubai"]
[Date "2002.04.05"]
[Round "3.1"]
[White "Bacrot, Etienne"]
[Black "Grischuk, Alexander"]
[Result "0-1"]
[WhiteElo "2649"]
[BlackElo "2671"]
[PlyCount "70"]
[EventDate "2002.04.03"]
[EventType "k.o. (rapid)"]
[EventRounds "5"]
[EventCountry "UAE"]
[SourceTitle "CBM 089"]
[Source "ChessBase"]
[SourceDate "2002.08.12"]
[SourceVersion "1"]
[SourceVersionDate "2002.08.12"]
[SourceQuality "1"]

1. c4 e6 2. d4 d5 3. Nc3 c5 4. cxd5 exd5 5. Nf3 Nc6 6. g3 Nf6 7. Bg2 Be7 8. O-O
O-O 9. Bg5 c4 10. Ne5 Be6 11. b3 Qa5 12. Nxc6 bxc6 13. Qc2 Rfd8 14. Rfd1 Rac8
15. Na4 c5 16. Bd2 Qb5 17. bxc4 cxd4 18. Qxh7+ Kxh7 19. cxb5 Ne4 20. Ba5 Rd7
21. Rac1 Rxc1 22. Rxc1 Rb7 23. Rb1 Bd7 24. e3 Rxb5 25. Rxb5 Bxb5 26. Nb2 Ba3
27. Nd1 Be2 28. f3 Nd6 29. Nf2 Nc4 30. Be1 dxe3 31. Nh3 d4 32. Nf4 d3 33. Nxe2
d2 34. Bxd2 exd2 35. Nc3 Ne3 0-1

[Event "FIDE GP"]
[Site "Dubai"]
[Date "2002.04.05"]
[Round "3.2"]
[White "Grischuk, Alexander"]
[Black "Bacrot, Etienne"]
[Result "1-0"]
[WhiteElo "2671"]
[BlackElo "2649"]
[Annotator "Finkel,A"]
[PlyCount "51"]
[EventDate "2002.04.03"]
[EventType "k.o. (rapid)"]
[EventRounds "5"]
[EventCountry "UAE"]
[SourceTitle "CBM 089"]
[Source "ChessBase"]
[SourceDate "2002.08.12"]
[SourceVersion "1"]
[SourceVersionDate "2002.08.12"]
[SourceQuality "1"]

1. e4 g6 2. d4 Bg7 3. Nc3 d6 4. f4 a6 5. Nf3 b5 6. Bd3 Nd7 {Bacrot had to win
this game to tie the match, but it's very difficult task against Grischuk!} (
6... Bb7 7. O-O Nd7 8. e5 c5 9. exd6 $1 cxd4 10. Ne4 $36) 7. e5 (7. a4 $5 b4 8.
Ne2 c5 9. c3 $14) 7... c5 8. Be3 (8. exd6 exd6 9. Ne4 (9. O-O $5 Ne7 $132) 9...
Qb6 10. dxc5 dxc5 11. a4 $2 (11. Be2 $5 Ngf6 12. Nd6+ Ke7 13. Nxc8+ Raxc8 14.
O-O Rhe8 $13) 11... Nh6 $1 12. axb5 O-O $17 {Schlosser,M-Chernin,A/Erevan olm
1996}) (8. Be4 Rb8 9. Be3 b4 10. Ne2 Nh6 11. h3 O-O 12. c3 (12. O-O Qc7 13. c3
bxc3 14. bxc3 Nb6 15. dxc5 dxc5 16. Ng3 $14) 12... Nb6 13. Bf2 $6 bxc3 14. bxc3
Nc4 $15 {Forster,R-Bacrot,E/Bermuda 1999}) (8. e6 $5 fxe6 9. Ng5 Ndf6 $6 10.
dxc5 dxc5 11. Nxh7 $1 $16 {[%csl Rd8]}) 8... Bb7 (8... c4 $6 9. Be4 $14 Rb8 10.
Ng5 $1 Nf8 11. Qf3 Nh6 (11... h6 $6 12. Nh3 e6 13. Bc6+ Bd7 14. exd6 Bxc6 15.
Qxc6+ Qd7 16. Qxa6 $18) 12. O-O Nf5 13. Bf2 b4 14. Ne2 $16 {Nenashev,
A-Siebrecht,S/Heringsdorf 2000}) (8... b4 9. Ne4 Qc7 10. exd6 exd6 11. dxc5
Nxc5 12. Bxc5 dxc5 13. Bc4 $1 $40 {[%cal Ge4d6] Rowson,J-Dunnington,A/England
2000}) 9. Be4 (9. Ng5 cxd4 (9... Nf8 10. dxc5 dxe5 11. Qe2 f6 12. O-O-O Qc8 13.
Nh3 Nd7 14. fxe5 Nxe5 15. Nf4 $14 {Acs,P-Agrest,E/Budapest 1997}) 10. e6 f5 $5
11. Bxf5 $5 Ndf6 12. Bxg6+ hxg6 13. Qd3 Nh6 14. Qxg6+ Kf8 15. Bxd4 Qe8 $15 {
San Segundo Carrillo,P-Hillarp Persson,T/Elista 1998}) 9... Qc8 (9... Bxe4 10.
Nxe4 Nh6 11. dxc5 Ng4 12. Qe2 dxe5 13. O-O-O $1 Qc7 14. fxe5 Ngxe5 15. Bf4 Nd3+
16. Rxd3 Qxf4+ 17. Kb1 $36 {Lalic,B-Polzin,R/Dresden op 1998}) 10. Bxb7 $5 {
Not a bad move promising white certain plus in the endgame.} Qxb7 11. dxc5 dxe5
$6 {After this one black is in troubles, but also after correct} (11... dxc5
12. Qd5 Qxd5 13. Nxd5 Rc8 14. O-O-O Nh6 15. Rhe1 $14 {the endgame is quite
unpleasent for black.}) 12. Qd5 $1 Qxd5 13. Nxd5 Rc8 14. Nb6 $1 Nxb6 (14...
exf4 $6 15. Nxc8 fxe3 16. c6 Nc5 17. O-O-O $18) 15. cxb6 {Now the b-pawn is
just too strong!} e4 16. Ne5 Bxe5 (16... Nh6 17. O-O-O Nf5 18. b7 Rb8 19. Nc6
Nxe3 20. Nxb8 Nxd1 21. Rxd1 $18) 17. fxe5 e6 18. Bc5 $1 {[%cal Gc5d6,Gb6b7]}
Ne7 19. Bd6 Rxc2 20. b7 Nc6 21. O-O $18 {[%csl Rf7][%cal Ga1c1]} f5 22. exf6
Kf7 23. Rac1 Rc4 24. b3 $1 Rxc1 25. Rxc1 Nd4 26. Rc8 1-0

[Event "FIDE GP"]
[Site "Dubai"]
[Date "2002.04.07"]
[Round "4.1"]
[White "Grischuk, Alexander"]
[Black "Shirov, Alexei"]
[Result "0-1"]
[WhiteElo "2671"]
[BlackElo "2715"]
[Annotator "Postny,E"]
[PlyCount "60"]
[EventDate "2002.04.03"]
[EventType "k.o. (rapid)"]
[EventRounds "5"]
[EventCountry "UAE"]
[SourceTitle "CBM 089"]
[Source "ChessBase"]
[SourceDate "2002.08.12"]
[SourceVersion "1"]
[SourceVersionDate "2002.08.12"]
[SourceQuality "1"]

{[%mdl 8]} 1. e4 c5 2. Nf3 Nc6 3. Bb5 g6 4. Bxc6 dxc6 5. d3 Bg7 6. h3 Nf6 ({
Another main line is} 6... e5) 7. Nc3 O-O {Other main possibility is 7...Nd7.}
8. Be3 b6 ({Another common option is} 8... Nd7 {For instanse see the game
Sulskis,S-Holmsten,A/Linares Anibal op 2001/CBM 81 [Gershon]}) 9. Qd2 e5 {
Besides, black tried several plans here. For example:} (9... Re8 {/\10.Bh6 Bh8
- the most popular line.}) (9... Ne8 {[%csl Yd4][%cal Ye8c7,Yc7e6,Ye6d4]}) 10.
Bh6 Qd6 ({The game Ulibin,M-Lanka,Z/MK-Cafe Cup 1999 saw:} 10... Qe7 11. g4 $5
{- CBM 73 [Gershon]}) 11. O-O-O (11. g4 $5 Be6 12. Bxg7 Kxg7 13. O-O-O b5 14.
Kb1 a5 15. Qe3 a4 16. Ne2 b4 17. Nd2 Rfb8 18. f4 exf4 19. Qxf4 $14 {1-0 Van
den Doel,E-Hausrath,D/Groningen 1998/EXT 2000 (45)}) 11... Be6 12. Bxg7 (12.
Kb1 b5 13. Ne2 a5 14. Bxg7 Kxg7 15. Ng5 h6 16. Nxe6+ fxe6 $11 {1/2-1/2 Adams,
M-Hausrath,D/Breda 1999/CBM 70 ext (27)}) 12... Kxg7 13. Qg5 $1 $146 (13. Nh2
Rad8 14. Rhf1 c4 15. f4 exf4 16. d4 Nh5 17. Ne2 f5 $15 {1/2-1/2 Kuczynski,
R-Baklan,V/Germany 1997/GER-chT (37)}) 13... Nd7 14. Qg3 $1 {[%cal Gd3d4,Gg3d6]
A strong manoeuvre. Exploiting the pin of black Pe5 white is intending to
break in centre by d3-d4.} b5 $2 {Black decides to ignore white's obvious
positional threat.} (14... Qb8 $2 {The only way to prevent d3-d4, but this
move is very awkward.} 15. h4 $36) ({The safest continuation for black is} 
14... Rad8 15. d4 cxd4 16. Nxd4 Qc5 17. Nxe6+ fxe6 {and it will be very
difficult for white to exploit black's defects of the pawn structure. The
position is not far from the equality.}) 15. d4 cxd4 16. Nxd4 Qe7 (16... Qc7
17. Nxe6+ fxe6 18. h4 $16) 17. Nf5+ $2 {This check spoiles all white's
previous achievements in this game.} ({The best and the most critical
variation was:} 17. Nxc6 Qc5 18. Na5 (18. Rxd7 $6 Bxd7 19. Qxe5+ Qxe5 20. Nxe5
$14) 18... b4 (18... Rfc8 19. Nb3 $16) 19. Nb3 Qc4 (19... Bxb3 20. axb3 bxc3
21. Rxd7 cxb2+ 22. Kxb2 $16) 20. Nd5 Qxe4 21. Rhe1 (21. Nc7 $2 Bf5) 21... Qc4 {
[%tqu "En","What would you suggest for white?","","","e1e5","",10]} 22. Rxe5 $1
$16 Nxe5 $2 23. Qxe5+ Kh6 24. Nd4 $3 $18 {Black's K can not survive the attack,
for instance:} Bxd5 (24... Rac8 25. g4 Qxd5 26. Nf5+ Bxf5 27. Rxd5 $18) (24...
Rfe8 25. Qf4+ Kg7 26. Nxe6+ $18 {[%csl Rc4]}) 25. Nf5+ gxf5 26. Qf6+ Kh5 27.
Qxf5+ Kh6 28. Qf6+ Kh5 29. g4+ $18) 17... Bxf5 18. exf5 Nf6 {Now black has a
reasonable position.} 19. Rhe1 Rfe8 20. Ne4 Rad8 21. Rxd8 Qxd8 22. fxg6 {
There was no reason to hurry with this exchange.} (22. Rd1 $142 Qe7 (22... Nd5
$2 23. f6+) 23. f3) 22... hxg6 23. Rd1 Nd5 $11 24. h4 {[%cal Gh4h5]} Qa5 25.
Qb3 (25. Kb1 $6 Qb4 {[%csl Re4]}) 25... Nf4 26. g3 Ne6 27. Qf3 $5 {This pawn
sacrifice is an interesting attempt to seize the initiative.} (27. Nd6 Rd8 $11
28. f4 $6 exf4 29. gxf4 Qc7 (29... Qa4 30. Qxa4 bxa4 31. f5 $14)) 27... Qxa2
28. Qf6+ Kg8 29. Rd7 Nf8 {Probably Grischuk thought, that the only purpose of
this move is to defend the Pf7...} 30. Ng5 $4 {[%mdl 8192] These things often
happen in serious time-trouble even to the best grandmasters.} ({A normal
continuation of the struggle would have been} 30. Rb7 Nh7 31. Qxc6 Qa1+ 32. Kd2
Rd8+ 33. Rd7 Rxd7+ 34. Qxd7 Qxb2 35. Qxa7 {with approximate equality.}) 30...
Nxd7 0-1

[Event "FIDE GP"]
[Site "Dubai"]
[Date "2002.04.07"]
[Round "4.2"]
[White "Shirov, Alexei"]
[Black "Grischuk, Alexander"]
[Result "0-1"]
[WhiteElo "2715"]
[BlackElo "2671"]
[Annotator "Lukacs,P"]
[PlyCount "116"]
[EventDate "2002.04.03"]
[EventType "k.o. (rapid)"]
[EventRounds "5"]
[EventCountry "UAE"]
[SourceTitle "CBM 089"]
[Source "ChessBase"]
[SourceDate "2002.08.12"]
[SourceVersion "1"]
[SourceVersionDate "2002.08.12"]
[SourceQuality "1"]

1. e4 c6 2. d4 d5 3. e5 Bf5 4. Nc3 e6 5. g4 Bg6 6. Nge2 c5 7. Be3 cxd4 (7...
Nc6 8. dxc5 Nxe5 9. Nf4 (9. Nd4 {- Nataf-Ernst, Hasselbacken 2001 CBM 85}) 9...
Nc6 {- Sutovsky-Rogers, EUR-AS rapid CBM 86} (9... Ne7 {- De Vreugt-Kallai,
Bundseliga CBM 87}) (9... Nf6 {- Sutovsky-Adianto, EUR-ASIA m rapid 2001 CBM 86
})) (7... Nd7 {- Fedorov-Adianto, Istanbul ol (Men) 2000 EXT 2001}) 8. Nxd4 Bb4
(8... h5 $6 {Black has completely forgotten about the importance of
development.} 9. f4 $1 {/\ f5} hxg4 (9... Ne7 10. f5 $1 exf5 11. Ndb5 $1 {
and Black is on the verge of collapse.} Nec6 12. Nxd5 Na6 13. Qd2 fxg4 14.
O-O-O Qc8 15. Nd6+ Bxd6 16. exd6 O-O 17. d7 $16 {Cu.Hansen-K.Berg, Esbjerg 1981
}) 10. f5 $1 {This is the beginning of the breakthrough in the [+].} exf5 11.
Bb5+ Nd7 12. e6 $1 fxe6 13. Nxe6 Qh4+ 14. Bf2 Qe7 15. O-O Ngf6 16. Nxd5 Nxd5
17. Qxd5 Qd6 18. Qg2 $16 {Hetey-Aarland, Aarhus 1993}) (8... Nd7 $6 9. f4 $14)
(8... Ne7 9. f4 a6 10. f5 $5 {is crucial here, for example:} (10. Bh3 {/\ f5}
Nec6 {/\ Qh4} 11. O-O Nxd4 12. Bxd4 Nc6 (12... h5 $6 {is again met by the
devastating} 13. f5 $1 hxg4 14. fxg6 gxh3 15. Ne4 Qh4 16. Qf3 $18 {A.
David-Piankov, France 1997}) 13. f5 (13. Bf2 h5 14. f5 Bh7 $13) 13... exf5 14.
gxf5 Qg5+ 15. Kh1 Bh5 16. Qd3 Nb4 $1 $13) 10... exf5 11. Qe2 $5 Nbc6 (11...
fxg4 12. O-O-O $19) 12. O-O-O Nxd4 (12... fxg4 13. Bg2 $44) 13. Rxd4 fxg4 14.
Bg2 Rc8 15. Rhd1 Qc7 16. R1d2 Bf5 17. Bxd5 Nc6 18. Rf4 Qxe5 {(Ziatdinov-Savon,
Tashkent 1985)} (18... g6 19. Ne4 $16) 19. Bb6 $1 $16) (8... Nc6 9. f4 (9. Bb5
Nge7 10. f4 a6 11. Ba4 Qc7 12. O-O O-O-O 13. Bxc6 Nxc6 14. Nxc6 Qxc6 15. Qd4
Be7 16. Ne2 (16. f5 $6 {is premature because of} exf5 17. gxf5 Bxf5 18. Rxf5
Qg6+ 19. Rg5 Bxg5 20. Qg4+ Kb8 21. Qxg5 d4 $17) (16. Rad1 $5) 16... h5 17. f5 (
17. g5 {gives up all the light squares.} h4) 17... exf5 18. gxf5 Bxf5 $1 19.
Rxf5 Qg6+ 20. Ng3 h4 21. Rf3 {1/2:1/2 Van der Wiel-Scheeren, Amsterdam
Drachten 1982}) 9... Bb4 (9... Nxd4 10. Bxd4 Ne7 11. Bb5+ Nc6 12. O-O {
(Wittmann-A.Ward, Oxford 1998)} Bb4 $5 13. a3 Ba5 $13) 10. a3 Bxc3+ 11. bxc3
Be4 12. Rg1 Nge7 13. Bd3 O-O 14. Bxe4 dxe4 15. Nxc6 Nxc6 16. Qxd8 Rfxd8 {
White's P structure is not very impressive in the _|_.} 17. Ke2 Ne7 18. Bd4 Nd5
19. f5 Rac8 $11 {Herbrechtsmeier-Chandler, GER-chT 1982}) 9. Qd2 (9. Bb5+ Nd7
10. f4 Qh4+ (10... Rc8 11. O-O $1 {White can bravely sacrifice the P.} Bxc3 12.
bxc3 Be4 (12... Rxc3 13. Qd2 $16) (12... a6 13. Bxd7+ Qxd7 14. f5 $16) 13. f5
$40) (10... Be4 11. O-O Bxc3 12. bxc3 a6 13. Bd3 {(Serra Pages-Quintas Galeano,
ESP 1999)} (13. Bxd7+ Qxd7 14. f5 Ne7) 13... Rc8 $132) 11. Bf2 Qh3 12. Bg3 Nh6
$132) 9... Nd7 10. a3 (10. Bb5 {is less logical than before.} Rc8 11. O-O h5 $1
$15) 10... Qa5 (10... Bxc3 11. Qxc3 Rc8 12. Qb4 Nxe5 13. Qxb7 (13. Nb5 $6 {
is strongly met by} a5 $1 $17 (13... Rxc2 {is not so impressive:} 14. Nd6+ Kd7
15. Nxb7 Nf3+ 16. Kd1)) 13... Nf6 14. Bf4 (14. Bb5+ Kf8 $13) 14... Nfd7 (14...
Be4 15. Bxe5 Bxh1 16. Bb5+ $16) 15. Bxe5 Nxe5 16. Bb5+ Kf8 $13) 11. Bb5 (11. f4
$5 Be4 12. Rg1 Ne7 (12... Bxc3 13. bxc3) 13. Ndb5 O-O 14. Nd6 $13) 11... Bxc3
12. Bxd7+ $6 {solving the pin deliberately cannot be good.} (12. bxc3 $1 Rc8
13. Rb1 Rc7 (13... b6 14. Rb4 $1) 14. Rb4 $1 (14. c4 Qxd2+ 15. Bxd2 dxc4 16.
Bb4 Be4 17. O-O $13) 14... Qxa3 15. Ra4 {^^} Qxc3 16. Rxa7 Qxd2+ 17. Bxd2 Ne7
$14) 12... Kxd7 13. bxc3 Rc8 14. O-O (14. Rb1 b6 15. Rb3 h5 16. g5 Ne7 $15)
14... Qxc3 $17 {and Black has a healthy extra P, while his K in the [+] cannot
be attacked.} 15. Rfb1 b6 16. Qxc3 Rxc3 17. a4 Ne7 18. a5 Nc8 19. axb6 axb6 20.
Ra8 f6 21. Rb8 $6 (21. exf6 gxf6 22. Rxb6 Nxb6 23. Rxh8 Nc4 $17) 21... Re8 $2 (
21... fxe5 $1 {was a simple win.} 22. Rb7+ Rc7 23. Rxc7+ Kxc7 24. Nxe6+ Kd6 25.
Nxg7 Rg8 26. Bh6 Bxc2 $19) 22. Nb5 (22. Rb7+ Rc7 (22... Kd8 $2 23. Rxg7 fxe5
24. Bg5+ $16) 23. Rxc7+ Kxc7 24. f4 Kd7 $15) 22... Rxc2 23. Rb7+ Kd8 24. Ra1 $2
(24. Nd6 $1 {was required here with the following} Re7 25. Rb8 Kd7 26. Rb7+ Kc6
27. Rb8 Kd7 (27... Nxd6 28. R1xb6+ Kd7 29. exd6 $11) 28. Rb7+ $14) 24... Re7
25. Rb8 Kd7 26. Rb7+ $2 (26. exf6 gxf6 27. Rb7+ Ke8 28. Rb8 e5 $1 29. Bxb6 Kd7
$17) 26... Ke8 27. Rb8 fxe5 $1 {Now Black's central pawns are too dangerous.}
28. Bg5 (28. Nd6+ Kd7 29. Nxc8 Rxc8 $19) 28... Rf7 29. Raa8 Kd7 30. Rb7+ Kc6
31. Rxf7 (31. Rxc8+ Kxb5 $19) 31... Kxb5 $1 32. Rxg7 Nd6 {and Black is winning
despite of White's exchange.} 33. h4 Ne4 34. Bd8 Nxf2 35. Rxg6 hxg6 36. h5 Nh3+
37. Kh1 Nf2+ 38. Kg1 Nh3+ 39. Kh1 gxh5 40. gxh5 Nf4 41. h6 Rc3 42. Ra2 Rc1+ 43.
Kh2 Rc3 44. Kh1 d4 45. h7 Ng6 46. Bf6 Rh3+ 47. Rh2 Rxh2+ 48. Kxh2 d3 49. Bg5
Kc4 50. Kg3 b5 51. Kg4 b4 52. Kh5 Nh8 53. Kh6 b3 54. Kg7 b2 55. Kxh8 b1=Q 56.
Kg7 Qb7+ 57. Kg6 Qxh7+ 58. Kxh7 Kc3 0-1